Nový školský zákon
Zákon č. 245/2008 Z.z. o výchove a vzdelávaní (školský zákon) nadobudol účinnosť od 1. septembra 2008. Oblasť legislatívneho prostredia. Oblasť výchovno-vzdelávacieho procesu. Oblasť výchovno-vzdelávacej sústavy.
Na minha lista:
| Formato: | Capítulo de Livro |
|---|---|
| Idioma: | eslovaco |
| Assuntos: | |
| Tags: |
Sem tags, seja o primeiro a adicionar uma tag!
|
MARC
| LEADER | 00000naa$a2200000$$$4500 | ||
|---|---|---|---|
| 001 | 0085419 | ||
| 005 | 20231013072538.1 | ||
| 041 | 0 | |a slo | |
| 044 | |a SK | ||
| 245 | 1 | 0 | |a Nový školský zákon |
| 520 | |a Zákon č. 245/2008 Z.z. o výchove a vzdelávaní (školský zákon) nadobudol účinnosť od 1. septembra 2008. Oblasť legislatívneho prostredia. Oblasť výchovno-vzdelávacieho procesu. Oblasť výchovno-vzdelávacej sústavy. | ||
| 610 | 2 | 0 | |a vzdelávanie |
| 610 | 2 | 0 | |a výchova |
| 610 | 2 | 0 | |a legislatíva |
| 610 | 2 | 0 | |a zákony |